Preservice education of math teacher using paradoxes (Record no. 74787)

MARC details
000 -CABECERA
campo de control de longitud fija 00721nam a2200253 a 4500
005 - FECHA Y HORA DE LA ÚLTIMA TRANSACCIÓN
campo de control 20210219153345.0
008 - ELEMENTOS DE LONGITUD FIJA--INFORMACIÓN GENERAL
campo de control de longitud fija 991125n 000 0 u
035 ## - NÚMERO DE CONTROL DEL SISTEMA
Número de control de sistema UPN01000093712
100 ## - ASIENTO PRINCIPAL--NOMBRE PERSONAL
Nombre de persona Movshovitz-Hadar, Nitsa
222 ## - TÍTULO CLAVE
Título clave EDUCATIONAL STUDIES IN MATHEMATICS
245 ## - MENCIÓN DE TÍTULO
Título Preservice education of math teacher using paradoxes
300 ## - DESCRIPCIÓN FÍSICA
Extensión 265-288
362 ## - FECHAS DE PUBLICACIÓN Y/O DESIGNACIÓN SECUENCIAL
Fecha de publicación y/o designación secuencial 21, No. 3, 1990
505 ## - NOTA DE CONTENIDO CON FORMATO PREESTABLECIDO
Nota de contenido con formato Enero 1991
653 0# - TERMINO DE INDIZACION - NO CONTROLADO
Término no controlado DISONANCIA COGNITIVA
653 0# - TERMINO DE INDIZACION - NO CONTROLADO
Término no controlado EDUCACION DEL MAESTRO EN CONSERVACION
653 0# - TERMINO DE INDIZACION - NO CONTROLADO
Término no controlado ENSE\197ANZA MATEMATICA
653 0# - TERMINO DE INDIZACION - NO CONTROLADO
Término no controlado ESCUELA SECUNDARIA (MATEMATICAS)
653 0# - TERMINO DE INDIZACION - NO CONTROLADO
Término no controlado MODELOS
653 0# - TERMINO DE INDIZACION - NO CONTROLADO
Término no controlado PARADOJA
700 ## - ASIENTO SECUNDARIO--NOMBRE DE PERSONAL
Nombre de persona Hadass, Rina
904 ## - ELEMENTOS DE DATOS D LOCAL, LDD (RLIN)
a AC
b 031523
905 ## - TIPO DE MATERIAL
Tipo de material Articulo

No items available.